00658nam a2200205Ia 4500003000900000008004100009040001300050040001300063041000800076100002100084245008100105250001200186260000900198300001100207300001000218490000600228942000700234999001700241952019400258IT-RoPAU120407s9999 xx 000 0 und d aIT-RoPAU cIT-RoPAU aita aSanzio Cicatelli aVita manoscritta del N. S. P. Camillo de Lellis redatta dal confratello..... aVenezia c1943 a280 p. c24 cm v1 cBK c31323d31323 00102ddc406922_30000000000000071aPAULUSbPAULUSd2012-04-11l0o922.3r2012-04-11 00:00:00w2012-04-11yBKzInserito da: Anna In data: 14 luglio 2011 fondo: Via A.Severo 56 Progr:37119